An increase in the number of deaths in the United States in the first week of the month: An association with substance abuse and other causes of death

Saved in:  
Bibliographic Details
Authors: Phillips, David P. (Author) ; Ryan, Natalie M. (Author) ; Christenfeld, Nicholas (Author)
Format: Electronic Article
Language:English
Published: 1999
In: The New England journal of medicine
Year: 1999, Volume: 341, Issue: 2, Pages: 93-98
Online Access: Volltext (lizenzpflichtig)
Check availability: HBZ Gateway

MARC

LEADER 00000caa a22000002c 4500
001 1912588501
003 DE-627
005 20250126055016.0
007 cr uuu---uuuuu
008 241217s1999 xx |||||o 00| ||eng c
024 7 |a 10.1056/NEJM199907083410206  |2 doi 
035 |a (DE-627)1912588501 
035 |a (DE-599)KXP1912588501 
040 |a DE-627  |b ger  |c DE-627  |e rda 
041 |a eng 
084 |a 2,1  |2 ssgn 
100 1 |a Phillips, David P.  |e VerfasserIn  |4 aut 
245 1 0 |a An increase in the number of deaths in the United States in the first week of the month: An association with substance abuse and other causes of death 
264 1 |c 1999 
336 |a Text  |b txt  |2 rdacontent 
337 |a Computermedien  |b c  |2 rdamedia 
338 |a Online-Ressource  |b cr  |2 rdacarrier 
700 1 |a Ryan, Natalie M.  |e VerfasserIn  |4 aut 
700 1 |a Christenfeld, Nicholas  |e VerfasserIn  |4 aut 
773 0 8 |i Enthalten in  |t The New England journal of medicine  |d Waltham, Mass. : MMS, 1928  |g 341(1999), 2, Seite 93-98  |h Online-Ressource  |w (DE-627)266889484  |w (DE-600)1468837-2  |w (DE-576)075962454  |x 1533-4406  |7 nnas 
773 1 8 |g volume:341  |g year:1999  |g number:2  |g pages:93-98 
787 0 8 |i Forschungsdaten  |a United States Department of Health and Human Services. National Center for Health Statistics  |t Multiple Cause of Death, 1988  |d [Erscheinungsort nicht ermittelbar] : [Verlag nicht ermittelbar], 1994  |w (DE-627)1840055898 
787 0 8 |i Forschungsdaten  |a United States Department of Health and Human Services. National Center for Health Statistics  |t Multiple Cause of Death, 1987  |d [Erscheinungsort nicht ermittelbar] : [Verlag nicht ermittelbar], 1992  |w (DE-627)1840055936 
787 0 8 |i Forschungsdaten  |a United States Department of Health and Human Services. National Center for Health Statistics  |t Multiple Cause of Death, 1986  |d [Erscheinungsort nicht ermittelbar] : [Verlag nicht ermittelbar], 1992  |w (DE-627)1840055944 
787 0 8 |i Forschungsdaten  |a United States Department of Health and Human Services. National Center for Health Statistics  |t Multiple Cause of Death, 1985  |d [Erscheinungsort nicht ermittelbar] : [Verlag nicht ermittelbar], 1993  |w (DE-627)1840055871 
787 0 8 |i Forschungsdaten  |a United States Department of Health and Human Services. National Center for Health Statistics  |t Multiple Cause of Death, 1984  |d [Erscheinungsort nicht ermittelbar] : [Verlag nicht ermittelbar], 1993  |w (DE-627)1840055928 
787 0 8 |i Forschungsdaten  |a United States Department of Health and Human Services. National Center for Health Statistics  |t Multiple Cause of Death, 1983  |d [Erscheinungsort nicht ermittelbar] : [Verlag nicht ermittelbar], 1993  |w (DE-627)1840055901 
856 4 0 |u https://doi.org/10.1056/NEJM199907083410206  |x Resolving-System  |z lizenzpflichtig  |3 Volltext  |7 1 
935 |a mkri 
951 |a AR 
ELC |a 1 
LOK |0 000 xxxxxcx a22 zn 4500 
LOK |0 001 4637554004 
LOK |0 003 DE-627 
LOK |0 004 1912588501 
LOK |0 005 20241217044603 
LOK |0 008 241217||||||||||||||||ger||||||| 
LOK |0 035   |a (DE-2619)ICPSR87804 
LOK |0 040   |a DE-2619  |c DE-627  |d DE-2619 
LOK |0 092   |o n 
LOK |0 852   |a DE-2619 
LOK |0 852 1  |9 00 
LOK |0 935   |a nacp 
LOK |0 939   |a 17-12-24  |b l01 
ORI |a SA-MARC-krimdoka001.raw